| 000 | 01113cam a22002895a 4500 | ||
|---|---|---|---|
| 001 | L148613 | ||
| 002 | 18070 | ||
| 008 | 091013s2009 xxk f 000 0 eng d | ||
| 020 | _a9781847037237 | ||
| 035 | _a(Sirsi) u148613 | ||
| 041 | 0 | _aeng | |
| 050 | 0 | 4 | _a346.41036 $2 18 |
| 100 | 1 | _aPugh-Smith, John | |
| 245 | 0 | 0 | _aNeighbours and the law |
| 250 | _a5th ed. | ||
| 260 |
_aLondon _bThomson Reuters (Legal) Limited _c2009 |
||
| 300 |
_aciv, 503p. _c24cm. |
||
| 350 | _a125 | ||
| 520 | _aThis standard work draws together all the information specific to the body of law affecting relations between neighbours. Explains the possible causes of action and remedies available to parties involved in a dispute. This has been fully updated to take account of the Housing Act 2004, the Planning Act 2008 and all relevant new case law. The law is stated as at 1 June 2009. | ||
| 520 | _aSupersedes 4th edition (ISBN 0421926902). | ||
| 521 | _aAdvanced | ||
| 651 | 4 |
_aEngland and Wales _y1543- |
|
| 690 |
_aBoundary disputes _96221 |
||
| 700 | 1 | _aSinclair, Graham | |
| 700 | 1 | _aUpton, William | |
| 942 | _n0 | ||
| 999 |
_c110132 _d110132 |
||